Unit operations of chemical engineering (Record no. 3799)

000 -LEADER
fixed length control field 00652nam a2200241 a 4500
001 - CONTROL NUMBER
control field 3799
003 - CONTROL NUMBER IDENTIFIER
control field BD-DhUET
008 - FIXED-LENGTH DATA ELEMENTS--GENERAL INFORMATION
fixed length control field 850523s1985 nyua b 001 0 eng
020 ## - INTERNATIONAL STANDARD BOOK NUMBER
International Standard Book Number 0070448280
040 ## - CATALOGING SOURCE
Modifying agency BD-DhUET
Transcribing agency 0
082 0# - DEWEY DECIMAL CLASSIFICATION NUMBER
Classification number 660.2842
Item number MCC/1985
100 1# - MAIN ENTRY--PERSONAL NAME
Personal name McCabe, Warren L.
245 10 - TITLE STATEMENT
Title Unit operations of chemical engineering
250 ## - EDITION STATEMENT
Edition statement 4th ed.
260 ## - PUBLICATION, DISTRIBUTION, ETC. (IMPRINT)
Place of publication, distribution, etc. New York
Name of publisher, distributor, etc. McGraw-Hill
Date of publication, distribution, etc. 1985
300 ## - PHYSICAL DESCRIPTION
Extent x, 960 p.
Other physical details ill.
Dimensions 25 cm.
490 1# - SERIES STATEMENT
Series statement McGraw-Hill chemical engineering series
504 ## - BIBLIOGRAPHY, ETC. NOTE
Bibliography, etc Includes bibliographies
650 #0 - SUBJECT ADDED ENTRY--TOPICAL TERM
Topical term or geographic name as entry element Chemical Processer
700 1# - ADDED ENTRY--PERSONAL NAME
Personal name Smith, Julian C.
700 1# - ADDED ENTRY--PERSONAL NAME
Personal name Harriott, Peter.
942 ## - ADDED ENTRY ELEMENTS (KOHA)
Koha item type General Book
Holdings
Piece designation (barcode) Koha issues (times borrowed) Source of classification or shelving scheme Sublocation or collection (holding branch) Koha date last seen Damaged status Not for loan Shelving location Koha normalized classification for sorting Copy number Koha date last borrowed Koha full call number Price effective from Location (home branch) Koha item type Withdrawn status Lost status Date acquired
72739  Central Library, BUET2016-10-23  Circulation section660_000000000000000_2842MCC1981 660.2842/MCC/19852014-11-05Central Library, BUETGeneral Book  2014-11-05
77549  Central Library, BUET2014-11-05  Circulation section660_000000000000000_2842MCC1982 660.2842/MCC/19852014-11-05Central Library, BUETGeneral Book  2014-11-05
775502 Central Library, BUET2018-12-04  Circulation section660_000000000000000_2842MCC19832018-11-14660.2842/MCC/19852014-11-05Central Library, BUETGeneral Book  2014-11-05
68731  Central Library, BUET2015-07-01  Reading section660_284200000000000_MCC_19854 660.2842/MCC/19852015-07-01Central Library, BUETReading Item  2015-07-01
73910  Central Library, BUET2024-11-25  Rental section660_284200000000000_MCC_1985৪/ক-১ 660.2842 MCC/19852024-11-25Central Library, BUETRental Item  1989-06-27
73911  Central Library, BUET2024-11-25  Rental section660_284200000000000_MCC_1985৪/ক-২ 660.2842 MCC/19852024-11-25Central Library, BUETRental Item  1989-06-27
73912  Central Library, BUET2024-11-25  Rental section660_284200000000000_MCC_1985৪/ক-৩ 660.2842 MCC/19852024-11-25Central Library, BUETRental Item  1989-06-27
73913  Central Library, BUET2024-11-25  Rental section660_284200000000000_MCC_1985৪/ক-৪ 660.2842 MCC/19852024-11-25Central Library, BUETRental Item  1989-06-27
73914  Central Library, BUET2024-11-25  Rental section660_284200000000000_MCC_1985৪/ক-৫ 660.2842 MCC/19852024-11-25Central Library, BUETRental Item  1989-06-27
73915  Central Library, BUET2024-11-25  Rental section660_284200000000000_MCC_1985৪/ক-৬ 660.2842 MCC/19852024-11-25Central Library, BUETRental Item  1989-06-27
73916  Central Library, BUET2024-11-25  Rental section660_284200000000000_MCC_1985৪/ক-৭ 660.2842 MCC/19852024-11-25Central Library, BUETRental Item  1989-06-27
73917  Central Library, BUET2024-11-25  Rental section660_284200000000000_MCC_1985৪/ক-৮ 660.2842 MCC/19852024-11-25Central Library, BUETRental Item  1989-06-27
73918  Central Library, BUET2024-11-25  Rental section660_284200000000000_MCC_1985৪/ক-৯ 660.2842 MCC/19852024-11-25Central Library, BUETRental Item  1989-06-27
73919  Central Library, BUET2024-11-25  Rental section660_284200000000000_MCC_1985৪/ক-১০ 660.2842 MCC/19852024-11-25Central Library, BUETRental Item  1989-06-27
73934  Central Library, BUET2024-11-25  Rental section660_284200000000000_MCC_1985৪/ক-২৫ 660.2842 MCC/19852024-11-25Central Library, BUETRental Item  1989-06-27
73935  Central Library, BUET2024-11-25  Rental section660_284200000000000_MCC_1985৪/ক-২৬ 660.2842 MCC/19852024-11-25Central Library, BUETRental Item  1989-06-27